| 000 | 01098nam a22002777a 4500 | ||
|---|---|---|---|
| 003 | dpl | ||
| 005 | 20170204140658.0 | ||
| 008 | 170204b xxu||||| |||| 00| 0 eng d | ||
| 010 | _aB-067072,B-067078 | ||
| 020 | _c100.00 | ||
| 035 | _aB-067072, B-067078 | ||
| 037 | _bCen Lib/Ret | ||
| 040 |
_aDPL _bHN _cDPL |
||
| 082 |
_a827 _bठाकरे |
||
| 100 |
_aठाकरे, कांतिलाल _947336 |
||
| 245 |
_aमुफ्त का चंदना / _cकांतिलाल ठाकरे |
||
| 246 |
_aMuft ka chandan / _bby Kantilal Thakre |
||
| 260 |
_aदिल्ली _bदिशा प्रकाशन _c2002 |
||
| 270 |
_bदिल्ली _a138/16, त्रिनगर _e110035 |
||
| 300 |
_a119पृ. _c20सेमी(सजिल्द) |
||
| 650 |
_aहिन्दी साहित्य _947337 |
||
| 650 |
_aहिन्दी साहित्य -- कहानियां _947338 |
||
| 650 |
_aHindi literature _947339 |
||
| 650 |
_aHindi literature -- Stories _947340 |
||
| 942 |
_2ddc _cHN _h827 _mठाकरे |
||
| 999 |
_c112416 _d112416 |
||